00394 a2200145 4500003000400000005001700004008004100021020001800062040000900080082001700089100001700106245009500123260002000218300001000238OSt20231214131322.0231214b |||||||| |||| 00| 0 eng d a9788121924405 coclc a621.3bTHE/T aTheraja, B L aA textbook of electrical technology : in S.I. units ; Volume I /cB L Thetaja, A K Theraja bS Chand,c2019. a864 p